[Event "SLO-ch U18 Girls"]
[Site "Murska Sobota"]
[Date "2013.02.23"]
[Round "1"]
[White "Leonardi, Caterina"]
[Black "Carli, Lara"]
[Result "1-0"]
[WhiteElo "1863"]
[BlackElo "1626"]
[PlyCount "97"]
[EventDate "2013.02.23"]
[EventType "tourn"]
[EventRounds "5"]
[EventCountry "SLO"]
[SourceTitle "EXT 2022"]
[Source "ChessBase"]
[SourceDate "2021.10.06"]
[SourceVersion "1"]
[SourceVersionDate "2021.10.06"]
[SourceQuality "1"]

1. d4 Nf6 2. c4 g6 3. Nc3 Bg7 4. e4 d6 5. f4 0-0 6. Nf3 c5 7. d5 Na6 8. Bd3 Nc7 9. 0-0 e6 10. Bd2 exd5 11. cxd5 b5 12. b3 Bd7 13. Rc1 Re8 14. Qc2 b4 15. Nd1 Bb5 16. Nf2 a5 17. Bc4 a4 18. Rcd1 Qd7 19. Bc1 axb3 20. axb3 Bxc4 21. Qxc4 Qb5 22. Qc2 Nd7 23. Nd2 Nb6 24. Nd3 Bd4+ 25. Kh1 Ra1 26. Bb2 Ra2 27. Qb1 Rea8 28. Bxd4 cxd4 29. Nb2 Ncxd5 30. exd5 Nxd5 31. Na4 Nc3 32. Qc1 Nxa4 33. bxa4 R8xa4 34. f5 Qc5 35. Nb3 Qc2 36. Qxc2 Rxc2 37. fxg6 hxg6 38. Nxd4 Rb2 39. Ra1 Rxa1 40. Rxa1 b3 41. Kg1 Kf8 42. Re1 Kg7 43. h3 d5 44. Kh2 Kf6 45. Re3 Ra2 46. Nxb3 Ra3 47. Kg3 d4 48. Rf3+ Ke5 49. Nxd4 1-0

[Event "Ptuj op 7th"]
[Site "Ptuj"]
[Date "2012.12.28"]
[Round "8"]
[White "Krumpacnik, Domen"]
[Black "Carli, Lara"]
[Result "1-0"]
[WhiteElo "2353"]
[BlackElo "1626"]
[PlyCount "85"]
[EventDate "2012.12.22"]
[EventType "swiss"]
[EventRounds "9"]
[EventCountry "SLO"]
[SourceTitle "CBM 152 Extra"]
[Source "ChessBase"]
[SourceDate "2013.02.25"]
[SourceVersion "1"]
[SourceVersionDate "2013.02.25"]
[SourceQuality "1"]

1. d4 g6 2. e4 c5 3. d5 d6 4. c4 Nf6 5. Nc3 Bg7 6. Be2 0-0 7. Nf3 Re8 8. 0-0 Na6 9. h3 e6 10. dxe6 Bxe6 11. Bf4 Qb6 12. Qc2 Rad8 13. Rad1 Nc7 14. Rd2 Nh5 15. Be3 f5 16. exf5 Bxf5 17. Bd3 Bxd3 18. Rxd3 Qc6 19. Rfd1 a6 20. Qd2 b5 21. Rxd6 Rxd6 22. Qxd6 Qxd6 23. Rxd6 Bxc3 24. bxc3 bxc4 25. a4 Ne6 26. Ng5 Nef4 27. g4 Ne2+ 28. Kf1 Nhg3+ 29. Kg2 Ne4 30. Nxe4 Rxe4 31. Bxc5 Nxc3 32. Rxa6 Na2 33. Kf3 Re8 34. Be3 Rc8 35. a5 c3 36. Rb6 c2 37. a6 Rc3 38. a7 c1Q 39. a8Q+ Kg7 40. Rb7+ Kf6 41. Qd8+ Ke6 42. Re7+ Kf6 43. Qd6# 1-0

[Event "Ptuj op 7th"]
[Site "Ptuj"]
[Date "2012.12.24"]
[Round "4"]
[White "Carli, Lara"]
[Black "Selisek, Leon"]
[Result "1-0"]
[WhiteElo "1626"]
[BlackElo "1581"]
[PlyCount "65"]
[EventDate "2012.12.22"]
[EventType "swiss"]
[EventRounds "9"]
[EventCountry "SLO"]
[SourceTitle "CBM 152 Extra"]
[Source "ChessBase"]
[SourceDate "2013.02.25"]
[SourceVersion "1"]
[SourceVersionDate "2013.02.25"]
[SourceQuality "1"]

1. d4 e6 2. c4 Nf6 3. Nc3 b6 4. e4 Bb7 5. Bd3 Bb4 6. f3 0-0 7. Nge2 Nh5 8. 0-0 Be7 9. Nf4 Nf6 10. e5 Ne8 11. d5 Na6 12. a3 Bg5 13. b4 g6 14. Nh3 Be7 15. f4 d6 16. Be4 f5 17. Bf3 Ng7 18. Bb2 Rc8 19. Re1 dxe5 20. fxe5 g5 21. d6 Bxf3 22. dxe7 Qxe7 23. gxf3 Nb8 24. Nf2 Nc6 25. Nb5 a6 26. Nd4 Nb8 27. Qa4 Qf7 28. Rad1 Qh5 29. Rd3 Rcd8 30. Red1 Qh4 31. Nc6 Rxd3 32. Rxd3 Qxc4 33. Ne7+ 1-0

[Event "SLO-chT2 East"]
[Site "Brezice Maribor"]
[Date "2012.11.24"]
[Round "9"]
[White "Kolar, Drago"]
[Black "Carli, Lara"]
[Result "1-0"]
[WhiteElo "1871"]
[BlackElo "1615"]
[PlyCount "63"]
[EventDate "2012.09.08"]
[EventType "team-tourn"]
[EventRounds "9"]
[EventCountry "SLO"]
[SourceTitle "EXT 2022"]
[Source "ChessBase"]
[SourceDate "2021.10.06"]
[SourceVersion "1"]
[SourceVersionDate "2021.10.06"]
[SourceQuality "1"]

1. d4 g6 2. c4 c5 3. e3 cxd4 4. exd4 Nf6 5. Nc3 d5 6. Nf3 Bg7 7. Be2 0-0 8. 0-0 Nc6 9. Bf4 Bg4 10. h3 Bxf3 11. Bxf3 e6 12. Bg5 Qb6 13. Na4 Qxd4 14. Bxf6 Bxf6 15. cxd5 exd5 16. Bxd5 Rac8 17. Qxd4 Bxd4 18. Rfd1 Rfd8 19. Nc3 Bxc3 20. bxc3 Kg7 21. Rab1 b6 22. Kf1 Na5 23. Rd3 Kf6 24. Rf3+ Ke5 25. Bxf7 Rd2 26. Re1+ Kd6 27. Rf6+ Kc7 28. Be6 Rh8 29. Rf7+ Kb8 30. Bb3 Rc8 31. Rxh7 Nxb3 32. axb3 1-0

[Event "Wch U18 Girls"]
[Site "Maribor"]
[Date "2012.11.12"]
[Round "6.35"]
[White "Kruk, Karina"]
[Black "Carli, Lara"]
[Result "1-0"]
[WhiteElo "1786"]
[BlackElo "1646"]
[PlyCount "81"]
[EventDate "2012.11.08"]
[EventType "swiss"]
[EventRounds "11"]
[EventCountry "SLO"]
[SourceTitle "EXT 2013"]
[Source "ChessBase"]
[SourceDate "2012.11.22"]
[SourceVersion "1"]
[SourceVersionDate "2012.11.22"]
[SourceQuality "1"]

1. b4 e5 2. Bb2 Bxb4 3. Bxe5 Nf6 4. g3 Nc6 5. Bb2 0-0 6. Bg2 d5 7. Nf3 Qe7 8. 0-0 Re8 9. e3 Bg4 10. d3 Rad8 11. Nbd2 a5 12. a3 Bd6 13. Qb1 b6 14. Bxf6 Qxf6 15. Qb5 Bf8 16. d4 Na7 17. Qb3 c5 18. Ne5 Be6 19. Qxb6 cxd4 20. exd4 Qe7 21. Qxa5 Ra8 22. Bxd5 Bxd5 23. Qxd5 Red8 24. Qe4 Nb5 25. Nb3 f6 26. Qd3 fxe5 27. Qxb5 exd4 28. a4 Qb4 29. Qxb4 Bxb4 30. Rfd1 Bc3 31. Ra2 Rd5 32. Kf1 Kf7 33. Ke2 Kf6 34. Kd3 g5 35. Nd2 Bxd2 36. Kxd2 Rda5 37. Rda1 Ke5 38. Kd3 Kd5 39. Rb2 h6 40. Rb4 Rf8 41. Rxd4+ 1-0

[Event "Wch U18 Girls"]
[Site "Maribor"]
[Date "2012.11.10"]
[Round "3.37"]
[White "Morales Flores, Monserrat"]
[Black "Carli, Lara"]
[Result "1-0"]
[WhiteElo "1881"]
[BlackElo "1646"]
[PlyCount "103"]
[EventDate "2012.11.08"]
[EventType "swiss"]
[EventRounds "11"]
[EventCountry "SLO"]
[SourceTitle "EXT 2013"]
[Source "ChessBase"]
[SourceDate "2012.11.22"]
[SourceVersion "1"]
[SourceVersionDate "2012.11.22"]
[SourceQuality "1"]

1. e4 c5 2. Nf3 d6 3. d4 cxd4 4. Nxd4 Nf6 5. Nc3 g6 6. Be3 Bg7 7. f3 Nc6 8. Qd2 0-0 9. Bc4 Nd7 10. 0-0-0 Nb6 11. Bb3 Na5 12. Qe2 Bd7 13. h4 Rc8 14. h5 Nbc4 15. hxg6 Nxb3+ 16. cxb3 Nxe3 17. gxh7+ Kh8 18. Qxe3 b5 19. Kb1 b4 20. Nd5 e6 21. Nxb4 a5 22. Nbc2 Qf6 23. Rh5 a4 24. Qg5 axb3 25. axb3 Qxg5 26. Rxg5 Kxh7 27. Rh1+ Kg8 28. f4 e5 29. fxe5 dxe5 30. Nf5 Bxf5 31. exf5 Rc6 32. Nb4 Rd6 33. Nd5 f6 34. Ne7+ Kf7 35. Rg4 Rfd8 36. Ng6 R8d7 37. Rc1 Rd2 38. Rc2 Rd1+ 39. Ka2 Bh6 40. b4 R7d4 41. Rc4 Rxg4 42. Rxg4 Be3 43. Nh4 Rd3 44. Rc4 Ke7 45. Rc3 e4 46. Rxd3 exd3 47. Kb3 Kd6 48. Nf3 Kd5 49. Kc3 Ke4 50. Nd2+ Kxf5 51. Kxd3 Kf4 52. g3+ 1-0

[Event "SLO-chT U20"]
[Site "Koper"]
[Date "2012.08.30"]
[Round "4"]
[White "Carli, Lara"]
[Black "Vidic, Teja"]
[Result "0-1"]
[WhiteElo "1615"]
[BlackElo "1888"]
[PlyCount "38"]
[EventDate "2012.08.28"]
[EventType "team-tourn"]
[EventRounds "7"]
[EventCountry "SLO"]
[SourceTitle "EXT 2022"]
[Source "ChessBase"]
[SourceDate "2021.10.06"]
[SourceVersion "1"]
[SourceVersionDate "2021.10.06"]
[SourceQuality "1"]

1. d4 Nf6 2. c4 e6 3. Nc3 c5 4. Nf3 cxd4 5. Nxd4 Bb4 6. Qc2 Nc6 7. Nxc6 dxc6 8. a3 Be7 9. Bf4 0-0 10. g3 Nh5 11. Rd1 Qa5 12. Bd2 Qc7 13. Bg2 e5 14. 0-0 Be6 15. Na4 f5 16. e4 f4 17. Qc3 Rad8 18. c5 Rd4 19. Bc1 Rxa4 0-1

[Event "SLO-chT U20"]
[Site "Koper"]
[Date "2012.08.28"]
[Round "1"]
[White "Carli, Lara"]
[Black "Rozman, Monika"]
[Result "1/2-1/2"]
[WhiteElo "1615"]
[BlackElo "1680"]
[PlyCount "147"]
[EventDate "2012.08.28"]
[EventType "team-tourn"]
[EventRounds "7"]
[EventCountry "SLO"]
[SourceTitle "EXT 2022"]
[Source "ChessBase"]
[SourceDate "2021.10.06"]
[SourceVersion "1"]
[SourceVersionDate "2021.10.06"]
[SourceQuality "1"]

1. d4 Nf6 2. c4 g6 3. Nc3 d5 4. cxd5 Nxd5 5. e4 Nxc3 6. bxc3 Bg7 7. Be3 0-0 8. Qd2 c5 9. Nf3 Nc6 10. d5 Qa5 11. Rc1 Rd8 12. Bh6 Bh8 13. Bg5 Bg4 14. Be2 Rd7 15. 0-0 Bxf3 16. gxf3 Qc7 17. h4 e6 18. h5 exd5 19. exd5 Qe5 20. hxg6 hxg6 21. Rfd1 Re8 22. Bf1 Qf5 23. Bg2 f6 24. Be3 b6 25. f4 Red8 26. a4 Na5 27. Qd3 Qxd3 28. Rxd3 Nc4 29. Rcd1 Re7 30. Re1 Rde8 31. Rdd1 Nxe3 32. fxe3 Rxe3 33. Rxe3 Rxe3 34. d6 Re8 35. Bc6 Rd8 36. d7 f5 37. Re1 Bf6 38. c4 Kg7 39. Re2 a6 40. Kg2 Kf7 41. Kf3 Bh4 42. Rb2 Rb8 43. a5 Bd8 44. axb6 Rxb6 45. Rxb6 Bxb6 46. Kg3 Ke6 47. Ba4 Kd6 48. Kf3 Bd8 49. Ke2 Kc7 50. Kd3 Kb6 51. Kc3 g5 52. fxg5 Bxg5 53. Bc2 f4 54. Bf5 Ka5 55. Kb3 f3 56. Bg4 f2 57. Bh3 Kb6 58. Ka4 Bd8 59. Kb3 Kc6 60. Kc2 Kd6 61. Kb3 Ke5 62. Kc3 Ke4 63. Kd2 a5 64. Bg2+ Kd4 65. Bf1 a4 66. Kc2 Ke3 67. Kb2 Kd2 68. Ka3 Ke1 69. Bh3 f1Q 70. Bxf1 Kxf1 71. Kxa4 Ke2 72. Kb5 Be7 73. d8Q Bxd8 74. Kxc5 1/2-1/2

[Event "EU-ch U16 Girls"]
[Site "Albena"]
[Date "2011.09.14"]
[Round "4"]
[White "Carli, Lara"]
[Black "Tumanova, Irina"]
[Result "1/2-1/2"]
[WhiteElo "1599"]
[BlackElo "1683"]
[PlyCount "110"]
[EventDate "2011.09.11"]
[EventType "swiss"]
[EventRounds "9"]
[EventCountry "BUL"]
[SourceTitle "CBM 144 Extra"]
[Source "ChessBase"]
[SourceDate "2011.10.28"]
[SourceVersion "1"]
[SourceVersionDate "2011.10.28"]
[SourceQuality "1"]

1. d4 Nf6 2. c4 g6 3. Nc3 Bg7 4. Nf3 0-0 5. Bg5 d6 6. e3 Nbd7 7. Qc2 c6 8. Rc1 h6 9. Bh4 e5 10. dxe5 Nxe5 11. Nxe5 dxe5 12. Rd1 Qe7 13. Be2 Be6 14. 0-0 Rfd8 15. a3 Rxd1 16. Rxd1 Rd8 17. h3 Rxd1+ 18. Qxd1 Qd7 19. Qxd7 Bxd7 20. e4 Nh5 21. Bxh5 gxh5 22. f3 Be6 23. c5 Bf8 24. b4 Kg7 25. Bd8 Bb3 26. Ne2 Be6 27. Kf2 f6 28. Kg3 Bc4 29. Nc3 Kg6 30. Nd1 Kg5 31. h4+ Kg6 32. Ne3 Be6 33. f4 Kf7 34. Nf5 Bxf5 35. exf5 Be7 36. Bc7 exf4+ 37. Kxf4 Ke8 38. g4 Kd7 39. Bb8 a6 40. Kf3 Bf8 41. Bf4 Bg7 42. Bd6 b6 43. Kf4 b5 44. Kf3 Ke8 45. Bf4 Kf7 46. Bd2 Ke7 47. a4 Kf7 48. axb5 axb5 49. Kf4 Ke7 50. g5 fxg5+ 51. hxg5 hxg5+ 52. Kxg5 Kf7 53. Kxh5 Bf6 54. Kh6 Bg7+ 55. Kh7 Bf6 1/2-1/2

[Event "SLO-ch U20 Girls"]
[Site "Pohorje"]
[Date "2010.06.28"]
[Round "6"]
[White "Carli, Lara"]
[Black "Pavlic, Petra"]
[Result "1/2-1/2"]
[WhiteElo "1563"]
[BlackElo "1510"]
[PlyCount "115"]
[EventDate "2010.06.25"]
[EventType "swiss"]
[EventRounds "7"]
[EventCountry "SLO"]
[SourceTitle "CBM 137 Extra"]
[Source "ChessBase"]
[SourceDate "2010.09.01"]
[SourceVersion "1"]
[SourceVersionDate "2010.09.01"]
[SourceQuality "1"]

1. d4 d5 2. Nf3 Nf6 3. c4 c6 4. Bf4 Bf5 5. Nc3 e6 6. a3 Nbd7 7. e3 Nb6 8. c5 Nbd7 9. h3 Be7 10. Bd3 Bxd3 11. Qxd3 0-0 12. 0-0 h6 13. b4 a6 14. a4 Re8 15. b5 axb5 16. axb5 Nh7 17. e4 Nhf8 18. Bh2 Ng6 19. Rfb1 Qc8 20. bxc6 bxc6 21. Na4 Bd8 22. Bd6 Bc7 23. e5 Bxd6 24. cxd6 c5 25. Rc1 c4 26. Qc2 Qc6 27. Rcb1 Reb8 28. Nc3 Nf4 29. Ne1 f6 30. g3 Nxh3+ 31. Kh2 Ng5 32. f4 Nf7 33. Ra2 fxe5 34. fxe5 Ng5 35. Rba1 Rxa2 36. Rxa2 Rf8 37. Kg2 Qc8 38. Qg6 Rf5 39. Ra7 Rf7 40. Ra2 Nf8 41. Qb1 Rf5 42. Rb2 Qe8 43. Nxd5 Qa8 44. Rb7 exd5 45. Rxg7+ Kxg7 46. Qxf5 Qd8 47. Nc2 Nd7 48. e6 Nb6 49. d7 Qe7 50. Qe5+ Kg6 51. Qc7 Nxe6 52. Qxb6 Qxd7 53. Ne3 Kg5 54. Qa5 Nc7 55. Nxc4 Qe7 56. Ne5 Kf5 57. Qd2 Qg5 58. Qf2+ 1/2-1/2

[Event "SLO-ch U20 Girls"]
[Site "Pohorje"]
[Date "2010.06.26"]
[Round "3"]
[White "Carli, Lara"]
[Black "Orehek, Spela"]
[Result "0-1"]
[WhiteElo "1563"]
[BlackElo "1871"]
[PlyCount "62"]
[EventDate "2010.06.25"]
[EventType "swiss"]
[EventRounds "7"]
[EventCountry "SLO"]
[SourceTitle "CBM 137 Extra"]
[Source "ChessBase"]
[SourceDate "2010.09.01"]
[SourceVersion "1"]
[SourceVersionDate "2010.09.01"]
[SourceQuality "1"]

1. d4 d5 2. Nf3 Nf6 3. c4 e6 4. Nc3 Bb4 5. Bg5 0-0 6. e3 c5 7. a3 Bxc3+ 8. bxc3 Nbd7 9. cxd5 exd5 10. Bd3 Qa5 11. Qc2 c4 12. Bf5 Re8 13. 0-0 Ne4 14. Bxe4 dxe4 15. Nd2 Qxg5 16. Nxe4 Qg6 17. f3 Nb6 18. Qd2 Nd5 19. Rfe1 f5 20. Nf2 Qh6 21. Nd1 Bd7 22. a4 Rac8 23. a5 Re7 24. Qf2 Rce8 25. Ra2 Nxe3 26. Nxe3 Rxe3 27. Rxe3 Qxe3 28. Qxe3 Rxe3 29. Rb2 Bc6 30. Rc2 Re1+ 31. Kf2 Ra1 0-1

[Event "SLO-ch U14 Girls"]
[Site "Rogaska Slatina"]
[Date "2009.02.22"]
[Round "2"]
[White "Carli, Lara"]
[Black "Pahole, Samanta"]
[Result "1/2-1/2"]
[WhiteElo "1521"]
[BlackElo "1578"]
[PlyCount "84"]
[EventDate "2009.02.22"]
[EventType "swiss"]
[EventRounds "9"]
[EventCountry "SLO"]
[SourceTitle "CBM 129 Extra"]
[Source "ChessBase"]
[SourceDate "2009.05.05"]
[SourceVersion "2"]
[SourceVersionDate "2009.05.20"]
[SourceQuality "1"]

1. d4 d5 2. c4 e6 3. Nc3 Nf6 4. Nf3 Nbd7 5. Bg5 Be7 6. e3 0-0 7. Bd3 dxc4 8. Bxc4 c5 9. 0-0 cxd4 10. exd4 h6 11. Bh4 a6 12. a4 Qc7 13. Qe2 Nb6 14. Bb3 Nbd7 15. Rac1 Qb6 16. Bc2 Bb4 17. Qd3 Qd8 18. Ne4 g5 19. Nfxg5 Nxe4 20. Qxe4 Nf6 21. Qd3 hxg5 22. Bxg5 Re8 23. Bh6 Qd6 24. f4 Kh8 25. g4 Rg8 26. g5 Rg6 27. Qh3 Qxd4+ 28. Kh1 b6 29. Bf8+ Kg8 30. Bxb4 Bb7+ 31. Rf3 Bxf3+ 32. Qxf3 Rc8 33. Bc3 Qd5 34. Qxd5 Nxd5 35. Bxg6 fxg6 36. Bd2 Rf8 37. Rc4 Rf5 38. Re4 Kf7 39. Kg2 Ke8 40. Kf3 Kd7 41. Re5 Kd6 42. Ke4 Rf8 1/2-1/2

[Event "SLO-ch U12 Girls"]
[Site "Murska Sobota"]
[Date "2007.03.02"]
[Round "9"]
[White "Carli, Lara"]
[Black "Pozonec, Veronika"]
[Result "1/2-1/2"]
[WhiteElo "1502"]
[BlackElo "1500"]
[PlyCount "100"]
[EventDate "2007.02.25"]
[EventType "swiss"]
[EventRounds "9"]
[EventCountry "SLO"]
[SourceTitle "CBM 117 Extra"]
[Source "ChessBase"]
[SourceDate "2007.05.09"]
[SourceVersion "1"]
[SourceVersionDate "2007.05.09"]
[SourceQuality "1"]

1. d4 d5 2. c4 Nf6 3. Bg5 h6 4. Bxf6 exf6 5. cxd5 Qxd5 6. Nc3 Bb4 7. a3 Bxc3+ 8. bxc3 Bf5 9. f3 Bh7 10. e4 Qa5 11. Ne2 f5 12. e5 f4 13. Qb3 Nc6 14. Rc1 0-0 15. Nxf4 Nxd4 16. Qb4 Qxe5+ 17. Ne2 Nc2+ 18. Rxc2 Bxc2 19. Qd4 Qxd4 20. Nxd4 Rfe8+ 21. Be2 Bd3 22. Kf2 Bxe2 23. Nxe2 Rad8 24. Rb1 b6 25. Nd4 c5 26. Nc6 Rd2+ 27. Kg1 Ra8 28. Kf1 Ra2 29. Rb3 c4 30. Rb4 Rxa3 31. Rxc4 b5 32. Rc5 Rc8 33. Ne7+ Kh7 34. Nxc8 Ra1+ 35. Kf2 Ra2+ 36. Kg3 a5 37. Rxb5 a4 38. Ra5 a3 39. Nb6 Ra1 40. Nc4 a2 41. Nd2 Kg6 42. Nb3 Rb1 43. Rxa2 Rxb3 44. Rc2 Kf6 45. c4 Ke6 46. c5 Kd7 47. c6+ Kc7 48. Kf4 Rb6 49. Ke5 Rxc6 50. Rxc6+ Kxc6 1/2-1/2

[Event "SLO-ch U12 Girls"]
[Site "Murska Sobota"]
[Date "2007.03.01"]
[Round "8"]
[White "Carli, Lara"]
[Black "Rozman, Simona"]
[Result "1-0"]
[WhiteElo "1502"]
[BlackElo "1500"]
[PlyCount "85"]
[EventDate "2007.02.25"]
[EventType "swiss"]
[EventRounds "9"]
[EventCountry "SLO"]
[SourceTitle "CBM 117 Extra"]
[Source "ChessBase"]
[SourceDate "2007.05.09"]
[SourceVersion "1"]
[SourceVersionDate "2007.05.09"]
[SourceQuality "1"]

1. d4 d5 2. c4 c6 3. Bf4 Nd7 4. e3 g6 5. Nf3 Ngf6 6. Nc3 Bg7 7. Bd3 0-0 8. Bg5 a6 9. h4 h6 10. Bxf6 Nxf6 11. Qc2 h5 12. Ne5 Nd7 13. Nxg6 fxg6 14. Bxg6 Nf6 15. 0-0-0 Qd6 16. c5 Qe6 17. Qd3 Rd8 18. f3 Qd7 19. Na4 Rb8 20. Nb6 Qc7 21. Nxc8 Rbxc8 22. Qf5 Qd7 23. Qxd7 Rxd7 24. Bf5 Bh6 25. Rde1 Rf8 26. Bxd7 Nxd7 27. Kc2 Kf7 28. e4 e6 29. Rhf1 Nf6 30. Rg1 Rg8 31. e5 Ne8 32. g4 hxg4 33. fxg4 Kg6 34. Rgf1 Kg7 35. g5 Bxg5 36. hxg5 Kg6 37. Rg1 Ng7 38. Ref1 Nh5 39. Kd3 Rh8 40. Ke3 Ng7 41. Rf6+ Kh5 42. Rh1+ Kxg5 43. Rxh8 1-0

[Event "SLO-ch U12 Girls"]
[Site "Murska Sobota"]
[Date "2007.03.01"]
[Round "7"]
[White "Pahole, Samanta"]
[Black "Carli, Lara"]
[Result "1/2-1/2"]
[WhiteElo "1500"]
[BlackElo "1502"]
[PlyCount "73"]
[EventDate "2007.02.25"]
[EventType "swiss"]
[EventRounds "9"]
[EventCountry "SLO"]
[SourceTitle "CBM 117 Extra"]
[Source "ChessBase"]
[SourceDate "2007.05.09"]
[SourceVersion "1"]
[SourceVersionDate "2007.05.09"]
[SourceQuality "1"]

1. e4 c5 2. Nf3 Nc6 3. d4 cxd4 4. Nxd4 Nf6 5. Nc3 e5 6. Nf3 g6 7. Bb5 Bg7 8. 0-0 0-0 9. Bg5 d6 10. h3 h6 11. Bd3 Be6 12. a3 Qd7 13. Qd2 Rfe8 14. Rfe1 Bxh3 15. gxh3 Qxh3 16. Bxf6 Qg4+ 17. Kf1 Qxf3 18. Bxg7 Kxg7 19. Qe3 Qxe3 20. fxe3 h5 21. Ke2 h4 22. Rh1 Rh8 23. Kf2 g5 24. Be2 Rh6 25. Bg4 Ne7 26. Nd5 Nxd5 27. exd5 e4 28. Rag1 Kg6 29. Ke1 f5 30. Be2 Kf6 31. Rh2 Rg8 32. Rhh1 Ke5 33. c4 f4 34. exf4+ Kxf4 35. Rh3 Rg7 36. Rf1+ Ke5 37. Rhh1 1/2-1/2

[Event "SLO-ch U12 Girls"]
[Site "Murska Sobota"]
[Date "2007.02.26"]
[Round "3"]
[White "Robba, Barbara"]
[Black "Carli, Lara"]
[Result "1/2-1/2"]
[WhiteElo "1500"]
[BlackElo "1502"]
[PlyCount "40"]
[EventDate "2007.02.25"]
[EventType "swiss"]
[EventRounds "9"]
[EventCountry "SLO"]
[SourceTitle "CBM 117 Extra"]
[Source "ChessBase"]
[SourceDate "2007.05.09"]
[SourceVersion "1"]
[SourceVersionDate "2007.05.09"]
[SourceQuality "1"]

1. e4 e5 2. d4 d6 3. dxe5 dxe5 4. Qxd8+ Kxd8 5. Bc4 f6 6. f4 Nc6 7. Nc3 Nd4 8. Bd3 Bb4 9. Be3 Bg4 10. h3 Bh5 11. g4 Bg6 12. 0-0-0 Bxc3 13. bxc3 Nc6 14. f5 Bf7 15. Bc4+ Ke8 16. Bd5 Bxd5 17. exd5 Na5 18. Rh2 Nc4 19. Bc5 b6 20. Bf2 Ne7 1/2-1/2